| 000 | 00527 a2200181 4500 | ||
|---|---|---|---|
| 003 | OSt | ||
| 005 | 20231214121013.0 | ||
| 008 | 231211b |||||||| |||| 00| 0 eng d | ||
| 020 | _a9789388768436 | ||
| 040 | _coclc | ||
| 082 |
_a894.812 _bLEE/M |
||
| 100 |
_aLeelavathy, M _92002 |
||
| 245 |
_aMalayala Kavitha Sahitya Charithram / _cM. Leelavathy |
||
| 250 | _a9th ed. | ||
| 260 |
_aThrissur: _bKerala Sahitya Akademi, _c2023. |
||
| 300 | _a550p. | ||
| 942 |
_2ddc _cBK _h894.812 _k894.812 _iLEE/M _mLEE/M |
||
| 999 |
_c44072 _d44072 |
||